Acceso a la justicia de las mujeres en situación de pobreza en América Latina y el Caribe /
Saved in:
| Main Author: | |
|---|---|
| Format: | Text |
| Tags: |
Add Tag
No Tags, Be the first to tag this record!
|
MARC
| LEADER | 00000 a a2200000 04500 | ||
|---|---|---|---|
| 001 | 47193 | ||
| 003 | |||
| 040 | |||
| 100 | |a Flores, María del Luján | ||
| 245 | |a Acceso a la justicia de las mujeres en situación de pobreza en América Latina y el Caribe / |c María del Luján Flores | ||
| 773 | |g número53, (2011), páginas 63-76 | ||
| 999 | |c 23585 |d 23585 | ||
